000 00598nam a2200169 i 4500
001 78635
003 ES-MaACL
005 20230906173753.0
007 t|
008 041015s1917 fr ||||1| fre d
100 1 _aHeckel, Francis.
_962282
245 1 0 _aDe l'emotion aux troubles nutritifs
_b: ; La Névrose d'Angoisse et les états d'emotivité anxieuse : clinique, pathogenie, traitement /
_cFrancis Heckel.
260 _aParis :
_b[s.n.,
_c1917] (
_fLahure)
300 _a535 p. ;
_c24 cm.
740 3 _aLa Névrose d'Angoisse et les états d'emotivité anxieuse.
852 _aES-MaACL
_jE-1511
999 _c78635
_d78635